Statistics for 2012 Chicago Bulls Roster

Click here to take the quiz!

General Stats

  • This quiz has been taken 909 times
  • The average score is 8 of 14

Answer Stats

Answer % Correct
Derrick Rose
99%
Joakim Noah
94%
Luol Deng
78%
Carlos Boozer
78%
Taj Gibson
66%
Jimmy Butler
66%
Kyle Korver
50%
Richard Hamilton
47%
Ömer Aşik
41%
C.J. Watson
40%
Ronnie Brewer
38%
John Lucas
32%
Brian Scalabrine
24%
Mike James
15%

Score Distribution

Percentile by Number Answered

Percent of People with Each Score

Your Score History

You have not taken this quiz